LEADER 01125nam a2200277 i 4500 001 000000233258 003 CaOOAMICUS 005 20140917000000.0 008 140917s1988 it u000 u ita u 013 $a212161 020 $a88-399-1474-9 040 $aSeMil$bita 100 1 $aKirchschläger, Walter <1947- >.$0(OLS)http://semarc/name/19660 240 14$aDer Lobgesang Mariens.$0(OLS)http://semarc/title/332853 245 13$aIl Magnificat :$bil canto di lode di Maria /$cWalter Kirchschläger. 260 $aBrescia :$bQueriniana,$c1988. 300 $a51 p. ;$c20 cm. 490 0 $aMeditazioni ;$v74 650 4$aMagnificat.$0(OLS)http://semarc/subject/11066 830 0$aMeditazioni ;$v74.$0(OLS)http://semarc/title/6156 850 $aSeMil 852 $aSeMil$W1$xVenegono$y1$m2L I 214$j183604$B183604$CSeMilBibl$Z2$F195183 $81 961 $aLascito: Serenthà don Mario 996 $6020$a88-399-1474-9$9(OLS)http://semarc/number/237171 996 $6245$aIl Magnificat :$bil canto di lode di Maria$9(OLS)http://semarc/title/332852 996 $6260$aBrescia :$bQueriniana$9(OLS)http://semarc/publisher/29615 LEADER 01061nam a2200253 i 4500 001 000000065114 003 CaOOAMICUS 005 20050907000000.0 008 050907s1964 fr u000 u fre u 013 $a36286 040 $aSeMil$bita 100 1 $aSemmelroth, Otto .$0(OLS)http://semarc/name/4476 245 13$aLe monde création de Dieu :$bfoi et sciences naturelles /$cOtto Semmelroth, S.J. ; Traduit de l'allemand par André Décamps. 260 $aParis :$bSaint-Paul,$c1964. 300 $a127 p. ;$c19 cm. 490 0 $aIn Domo Domini 650 4$aScienza e fede.$0(OLS)http://semarc/subject/1693 700 1 $aDécamps, André.$0(OLS)http://semarc/name/22605 830 0$aIn Domo Domini.$0(OLS)http://semarc/title/17850 850 $aSeMil 852 $aSeMil$W1$xVenegono$y1$m2R III 175$j31267$B31267$CSeMilBibl$Z2$F31270 $81 961 $aRecupero: Deposito 996 $6245$aLe monde création de Dieu :$bfoi et sciences naturelles$9(OLS)http://semarc/title/103294 996 $6260$aParis :$bSaint-Paul$9(OLS)http://semarc/publisher/33830